MDQL
is popping MORE tags! Check the
thread
!
Quizzes
Events
Quiz Creation
Community
Videos
Private Events
Remove Ads
Sign In
Join for FREE
Feedback
Dark Mode
Quiz Categories
Sports
Geography
Music
Movies
Television
Just For Fun
Miscellaneous
History
Literature
Language
Science
Gaming
Entertainment
Religion
Holiday
For Kids
Quiz Lab
Recent
Popular Today
Quiz Kudos Today
Editor Picks
Curator Picks
Quizzes by...
Day
Popularity
Type
Ratings
Length
Year
Community
Subscriptions
Recent Discussions
Orange Saloon
Badges
Playlists
Quests
Create
Leaderboards
Showdown
Live 5
Trivia Bingo
Activity
Puzzle Library
Sporcle Events
Private Events
Virtual Trivia
Globe League
Become a Host
Pub Owners
SporcleCon
Opinionation
Our Games
Videos
Blog
Mobile Apps
Partnerships
Remove Ads and Go Orange
Feedback
Movies
Disney
Marvel Cinematic Universe
Movie Resume
Movie Titles
Oscar
Actor
Actress
Director
Pixar
Role
Movie Quotes
Movie Characters
Box Office
Nominee
Best Picture
Star Wars
James Bond
Horror Movies
Movies
Disney
Marvel Cinematic Universe
Movie Resume
Movie Titles
Oscar
Actor
Actress
Director
Pixar
Role
Movie Quotes
Movie Characters
Box Office
Nominee
Best Picture
Star Wars
James Bond
Horror Movies
Random Quiz
Search Sporcle
×
Quiz Lab
Quiz Lab
Movies
Tim Burton
Type in answers that appear in a list
Type in answers that appear in a list
Classic
Best Score? Go Orange.
Tim Burton's Series Stats
Can you name the Tim Burton Movies?
By
theskoochie
9m
21 Questions
276 Plays
276 Plays
276 Plays
Comments
Comments
Give Quiz Kudos
Give Quiz Kudos
-
- Ratings
hide this ad
Replay
Link that replays current quiz
Next Quiz
Link to next quiz in quiz playlist
You Got
0%
They Got
Avg Score
56%
Avg Friend Score
Upgrade to see
Score Distribution
Jump to the score distribution portion of the page
Score
0/21
Timer
09:00
0
Plays Today
Year
Movie Title
% Correct
1992
The Nightmare Before Christmas
88.7%
2005
Charlie and the Chocolate Factory
85.8%
1990
Edward Scissorhands
85.5%
1989
Batman
78.2%
2005
Corpse Bride
76.7%
2007
Sweeney Todd
74.9%
1994
Ed Wood
71.6%
1992
Batman Returns
71.3%
1985
Pee Wee's Big Adventure
69.1%
1999
Sleepy Hollow
60.4%
1988
Beetle Juice
59.6%
Year
Movie Title
% Correct
1996
James and the Giant Peach
50.9%
1996
Mars Attacks!
49.5%
2003
Big Fish
49.5%
2009
9
48.7%
1996
Batman Forever
48%
2001
Planet of the Apes
44.4%
1980's
Vincent
40.4%
1994
Cabin Boy
18.5%
Late 90's
The Melancholy Death of Oyster Boy & Other Stories
4.7%
Late 90's
Tim Burton's Lost In Oz
4.4%
Quiz Playlist
Details
Report
Send in Message
Add To Playlist
Classic:
Type in answers that appear in a list
Last Updated: Feb 16, 2017
Quiz Scoreboard
CHALLENGE
Sign Up to Join the Scoreboard
Show All
Scores
Hide
Comments
May contain spoilers
Recently Published
Holiday 10x10 Sorting Gallery
by lukepisani3
Holiday
15m
Two Season TV Shows II
by 123Four
Television
10m
Image Sorting: Flags VI
by Barbecue
Geography
2m
More to Explore
Quiz From the Vault
Featured Blog Post
14 Easter Pick-up Lines to Find Eggs With
hide this ad
You Might Also Like...
Tags
Tim Burton
Today's Top Quizzes in Movies
Browse Movies
hide this ad
Today's Top Quizzes in Tim Burton
Browse Tim Burton
Top Contributed Quizzes in Movies
1
The ultimate James Bond movie quiz
2
Find The 'Big' Movie
3
Find The 'Wild' Movie
4
Find The 'Blue' Movie
5
Movies By Plot
6
Hidden Star Wars Character II
7
Hidden Star Wars Character III
8
25 Best Actor Nominees (1990s)
9
Hidden Star Wars Character IV
10
Pick 5 Posters: Directed by Spielberg
Explore More
Trending Topics
Disney
Harry Potter
Anime
Kpop
Marvel
Crossword
NBA
The Office
NFL
Country
Pokémon
WWE
Soccer
Song
Puzzle
hide this ad
More By:
theskoochie
Quiz
Plays
Rating
Category
Featured
Created
Guitar Brands
1,016
1.00
Music
Sep 25, 2009
Tim Burton's Series
276
3.50
Movies
Sep 26, 2009
TopGear's Power Board (Top 25)
167
2.00
Miscellaneous
Sep 24, 2009
Go to Creator's Profile
Score Distribution
Quiz Creator Spotlight
theskoochie
Follow
Send a Message
Quizzes Created
-
Created Quiz Play Count
-
More By This Creator
Popular Quizzes Today
1
Find the US States - No Outlines Minefield
2
Colored Red Africa Blitz
3
Find the 'City' Movie
4
The Countries of the World
5
5x2 Blitz: Bands
6
Find the Countries of Europe - No Outlines Minefield
7
Find the US States
8
US States
More Movies Quizzes
Ratzenberger Pixar Roles
Published
Trending Quizzes
Colored Red Europe Blitz I
Colored Red Africa Blitz II
Colored Red Europe Blitz II
Even More Two Season TV Shows
Colored Red Africa Blitz III
Recently Updated
Quick Pick: 20 Twenties
pecheneg
March Madness Men's Triple Doubles
pecheneg
How Do You Spell That?
pecheneg
Godzilla Movies
pecheneg
Grab Bag: 4-10 Letters
pecheneg
2024 March Madness Bracket
pecheneg
Famous TV Couples
Peacemaker
Champions League XIs: Real Madrid
pecheneg
Largest US Cities 1790-2010
pecheneg
Rides in Walt Disney World
pecheneg
Trending Topics
Kpop
Harry Potter
NBA
Marvel
Anime
Disney
Crossword
The Office
Puzzle
Country
Soccer
Pokémon
WWE
NFL
Song
Your Account Isn't Verified!
In order to create a playlist on Sporcle, you need to verify the email address you used during registration. Go to your
Sporcle Settings
to finish the process.
Report this User
Report this user for behavior that violates our
Community Guidelines
.
Details:
Send Report
Go to the Sporcle.com Mobile Site →
Comments